000 00720nam a22001815i 4500
001 166461
003 ES-MaACL
005 20230906213335.0
008 050916s1871 sp | |||||||| ||spa d
040 _aCAM
_bspa
_cCAM
100 1 _aTorre, Fernán de la.
_9133311
245 1 0 _aCain el Bueno
_b: historia de un hombre llovido del cielo ó Ventajas de la agricultura /
_cFernan de la Torre.
260 _aMadrid :
_b[s.n.],
_c1871 (
_fImprenta de La Constitucion, á cargo de L. Polo)
300 _a2 v. (362; 311 p.) ;
_c19 cm.
752 _aEspaña -
_dMadrid
852 _aES-MaACL
_jG-8209-8210
_z-- Enc. hol. conservando la cub. original
852 _aES-MaACL
_jD-1942-1943
_z-- Rust.
_z-- Legado M. de la Fuente
999 _c166461
_d166461